Microsoft Excel 97: справочник; пер. с англ.

Bibliographic Details
Main Author: Нильсен Дж. Джойс
Language:Russian
Published: СПб., Питер, 1998
Subjects:
Format: Book
KOHA link:https://koha.lib.tpu.ru/cgi-bin/koha/opac-detail.pl?biblionumber=7726

MARC

LEADER 00000nam0a2200000 4500
001 7726
005 20231030181314.0
010 |a 5887824131 
035 |a (RuTPU)RU\TPU\book\7771 
035 |a BOOK00007830 
090 |a 7726 
100 |a 20011209d1998 km y0rusy50 ca 
101 1 |a rus  |c eng 
102 |a RU 
105 |a a g 000zy 
200 1 |a Microsoft Excel 97  |e справочник  |e пер. с англ.  |f Дж. Нильсен 
210 |a СПб.  |c Питер  |d 1998 
215 |a 320 с.  |c ил. 
610 1 |a программы 
610 1 |a Excel 97 
610 1 |a справочники 
675 |a 681.3.066(03)  |v 3 
700 1 |a Нильсен  |b Дж.  |g Джойс 
801 0 |a RU  |b 63413507  |c 20011209  |g PSBO 
801 2 |a RU  |b 63413507  |c 20080717  |g PSBO 
942 |c BK